000 01435naa a22003377a 4500
001 BR8708322
003 BR-BrBNA
005 20250721154540.0
007 ta
008 250630b bl.|||m| |||| 00| 0 por d
040 _aBR-BrBNA
_bpor
_cBiblioteca Nacional de Agricultura
041 _a(Pt)
072 _aJ11
_b0120
_b0170
090 _aJ11 BR8708322
100 1 _aSantos, J.P. dos
100 1 _aMaia, J.D.G.
100 1 _aCruz, I.
111 1 _a15. Congresso Nacional de Milho e Sorgo
_cBrasilia, DF (Brazil)
_d2 Jul 1986
245 1 _aViabilidade do uso de diferentes tipos de lonas plasticas para expurgo de milho em palha e sorgo
246 1 _aViability in the use of different pinds of plastic films and unhusked corn and sorghum fumigation
246 1 _a[15th Maize and Sorghum National Congress]
500 _aAnais do 15. Congresso Nacional de Milho e Sorgo Brasilia, DF (Brasil): Empresa Brasileira de Pesquisa Agropecuaria, Departamento de Difusao de Tecnologia, 1986. p. 73-78 [17 ref.; Summaries (En, Pt)] (BR8708322-AMS)
773 0 _tAnais do 15. Congresso Nacional de Milho e Sorgo
_wJ11 BR8708322
_gBrasilia, DF (Brasil), 1986. p. 73-78
650 _aMILHO
650 _aSORGO
650 _aPRAGA DE PRODUTO ARMAZENADO
650 _aEXPURGO
490 _aDocumentos - Centro Nacional de Pesquisa de Milho e Sorgo (Brazil)
_vno. 5
942 _cAMS
_2AGRIS
909 _a202506
_bLúcia
_c55
_dLúcia Elande
999 _c335564
_d335564